Slnkom

Ambícia študentov dvoch slovenských vysokých škôl postaviť solárny automobil. Spolupráca Žilinskej univerzity a Vysokej školy výtvarných umení v Bratislave. Plán zúčastniť sa na pretekoch v Austrálii v roku 2017. Pokrok v rozvoji dlhodobo udržateľného spôsobu dopravy.

Guardado en:
Detalles Bibliográficos
Autor principal: Žuffa, Radovan
Formato: Capítulo de libro
Lenguaje:eslovaco
Materias:
Etiquetas: Agregar Etiqueta
Sin Etiquetas, Sea el primero en etiquetar este registro!

MARC

LEADER 00000naa a2200000 4500
001 0206817
005 20231113083435.8
041 0 |a slo 
044 |a SK 
245 1 0 |a Slnkom  |c Radovan Žuffa 
520 |a Ambícia študentov dvoch slovenských vysokých škôl postaviť solárny automobil. Spolupráca Žilinskej univerzity a Vysokej školy výtvarných umení v Bratislave. Plán zúčastniť sa na pretekoch v Austrálii v roku 2017. Pokrok v rozvoji dlhodobo udržateľného spôsobu dopravy. 
610 2 0 |a automobily 
610 2 0 |a energia slnečná 
610 2 0 |a technológie nové 
610 2 0 |a doprava cestná 
610 2 0 |a školy vysoké 
610 2 0 |a projekty 
100 1 |a Žuffa, Radovan